000 01813nam1a22002531i 4500
001 rc\3123047
005 20260407122530.0
035 _a(NLR Aleph) 007281045
090 _a5509708
_c5509708
100 _a20120615d1975 |||y0rusy50 ca
101 0 _arus
102 _aRU
105 _a z |||||
200 1 _aСборник докладов научно-технического совещания "Опыт проектирования, эксплуатации и наладки АЭС и задачи научных исследований в области атомной энергетики" (пос. Полярные Зори, Карел. АССР, 23-26 сентября 1974 г.)
_fМ-во энергетики и электрификации СССР. Глававтомэнерго. Кольская атомная станция
210 _aМосква
_cБ. и.
_d1975
215 _d20
320 _aБиблиогр. в конце докл.
333 _aДСП
532 1 3 _aСборник докладов научно-технического совещания Опыт проектирования, эксплуатации и наладки АЭС и задачи науч. исследований в области атомной энергетики (пос. Полярные Зори, Карел. АССР, 23-26 сент. 1974 г.)
710 1 2 _a"Опыт проектирования, эксплуатации и наладки АЭС и задачи науч. исследований в области атомной энергетики", науч.-техн. совещание.
_f1974
_eпос. Полярные зори, Мурм. обл.
_3RU\NLR\AUTH\8810071598
_9645149
801 0 _aRU
_bNLR
_gpsbo
801 1 _aRU
_bELAR
_2rusmarc
852 _aNLR
_j76-50К/1217
942 _cBOOK